000 00259nam a22001217a 4500
008 170308b xxu||||| |||| 00| 0 eng d
041 _aeng
080 _a611
100 _a6
101 _aSHM
245 _aPUNIME ANATOMOPATOLOGJIKE
_cGERGA.G
942 _2udc
_cBK
999 _c7254
_d7254